000
00226nam a2200085Ia 4500
008
120527s9999 xx 000 0 und d
100
_a
NSOULI, M.Saleh
245
_a
Resilience and growth through sustained adjustment
942
_c
BK
999
_c
25326
_d
25326